Stanovenie vybraných rezíduí pesticídov v mlieku

Enregistré dans:
Détails bibliographiques
Auteur principal: Kubasová, Nikola (Auteur)
Autres auteurs: Hrouzková, Svetlana (Directeur de thèse)
Format: Manuscrit Livre
Langue:slovaque
Publié: 2019
Sujets:
Accès en ligne:http://is.stuba.sk/zp/portal_zp.pl?podrobnosti=139995
Tags: Ajouter un tag
Pas de tags, Soyez le premier à ajouter un tag!

MARC

LEADER 00000ntm a22000003a 4500
001 stuzp74454
003 SK-STU
005 20190622211746.1
007 ta
008 150427s2015----xo-----f-mn---000-0-slo-d
040 |a STU  |b slo 
041 0 |a slo 
100 1 |a Kubasová, Nikola  |u 041000  |4 aut  |U FCHPT Fakulta chemickej a potravinárskej technológie  |T FCHPT Ústav analytickej chémie  |X 88597  |U C1000  |Y 99  |7 88597 
242 0 1 |a Determination of Selected Pesticide Residues in Milk  |y eng 
245 1 0 |a Stanovenie vybraných rezíduí pesticídov v mlieku 
260 |c 2019 
650 4 |a SDME  |2 slo 
650 4 |a stabilita mikrokvapky  |2 slo 
650 4 |a GC-MS  |2 slo 
650 4 |a rezíduá pesticíd  |2 slo 
650 4 |a GC-MS  |2 eng 
650 4 |a pesticides residues  |2 eng 
650 4 |a SDME  |2 eng 
650 4 |a stability of the microdrop  |2 eng 
700 1 |a Hrouzková, Svetlana  |u 041000  |k Z1  |4 ths  |U FCHPT Fakulta chemickej a potravinárskej technológie  |T FCHPT Ústav analytickej chémie  |X 3892  |U C1000  |Y 99  |7 A000003892 
856 4 |u http://is.stuba.sk/zp/portal_zp.pl?podrobnosti=139995